Quản lý hoạt động giáo dục bảo vệ môi trường cho học sinh các trường tiểu học vùng ven biển thành phố Đà Nẵng
Trên cơ sở nghiên cứu lý luận và thực tiễn quản lý hoạt động giáo dục bảo vệ môi trường cho học sinh các trường tiểu học vùng ven biển thành phố Đà Nẵng, đề xuất các biện pháp quản lý hoạt động giáo dục bảo vệ môi trường nhằm góp phần nâng cao hiệu quả giáo dục toàn diện cho học sinh các trường tiểu...
Guardado en:
| Autor principal: | |
|---|---|
| Otros Autores: | |
| Formato: | Libro |
| Lenguaje: | Vietnamese |
| Publicado: |
Đà Nẵng
Trường Đại học sư phạm Đà Nẵng
2017
|
| Materias: | |
| Etiquetas: |
Agregar Etiqueta
Sin Etiquetas, Sea el primero en etiquetar este registro!
|
| Thư viện lưu trữ: | Mạng thư viện Đại học Đà Nẵng |
|---|
| LEADER | 02013nam a2200349 4500 | ||
|---|---|---|---|
| 001 | 000025047 | ||
| 003 | 21538 | ||
| 005 | 20170420080422.0 | ||
| 008 | 170418s2017 viesd | ||
| 041 | |a vie | ||
| 082 | 1 | 4 | |a 372.357 |b VO-T |
| 100 | 1 | |a Võ Thị Mỹ Thu | |
| 245 | 1 | |a Quản lý hoạt động giáo dục bảo vệ môi trường cho học sinh các trường tiểu học vùng ven biển thành phố Đà Nẵng |c Võ Thị Mỹ Thu ; Lê Quang Sơn hướng dẫn. |k Luận văn Thạc sĩ | |
| 260 | |a Đà Nẵng |b Trường Đại học sư phạm Đà Nẵng |c 2017 | ||
| 300 | |a 114 tr., phụ lục 33 tr. |c 29 cm. |e Tóm tắt | ||
| 500 | |a Luận văn thạc sĩ Giáo dục học. Chuyên ngành: Quản lý giáo dục. Mã số: 60.14.01.14 | ||
| 520 | 3 | |a Trên cơ sở nghiên cứu lý luận và thực tiễn quản lý hoạt động giáo dục bảo vệ môi trường cho học sinh các trường tiểu học vùng ven biển thành phố Đà Nẵng, đề xuất các biện pháp quản lý hoạt động giáo dục bảo vệ môi trường nhằm góp phần nâng cao hiệu quả giáo dục toàn diện cho học sinh các trường tiểu học vùng ven biển thành phố Đà Nẵng.. | |
| 650 | 0 | 4 | |a Giáo dục tiểu học |v Luận văn tốt nghiệp |x Giáo dục môi trường |z Đà Nẵng |
| 653 | |a Quản lý giáo dục | ||
| 653 | |a Giáo dục bảo vệ môi trường | ||
| 653 | |a Giáo dục tiểu học | ||
| 700 | 1 | |a Lê Quang Sơn |c PGS.TS. |e Hướng dẫn | |
| OWN | |a LSP | ||
| AVA | |a UDN50 |b LSP |d 372.357 VO-T |e available |t Error 5001 Not defined in file expand_doc_bib_avail. |f 1 |g 0 |h N |i 0 |k 1 | ||
| 999 | |a From the UDN01 | ||
| AVA | |a UDN50 |b LSP |d 372.357 VO-T |e available |t Error 5001 Not defined in file expand_doc_bib_avail. |f 1 |g 0 |h N |i 0 |k 1 | ||
| TYP | |a Monograph | ||
| TYP | |a Printed language | ||
| 980 | |a Mạng thư viện Đại học Đà Nẵng | ||